000 00328nam a2200145Ia 4500
008 240624s9999 xx 000 0 und d
041 _aeng
082 _a650.01513 BRO
100 _aBROOKS LLOYD D
245 _aBUSINESS MATH
250 _a(3rd ed.)
260 _c2000
_aDelhi
_bA.I.T.B.S.
300 _avi, : 666
365 _cRS
999 _c1495
_d1495